Catálogo

ESTRUCTURAS DE DATOS Y ALGORITMOS (Registro nro. 12411)

Detalles MARC
000 -LEADER
fixed length control field 00548nam a2200193 a 4500
001 - CONTROL NUMBER
control field 12411
005 - DATE AND TIME OF LATEST TRANSACTION
control field 20180713200656.0
008 - FIXED-LENGTH DATA ELEMENTS--GENERAL INFORMATION
fixed length control field 140415d 000 0 spa d
020 ## - INTERNATIONAL STANDARD BOOK NUMBER
International Standard Book Number 0201640244
041 ## - LANGUAGE CODE
Language code of text/sound track or separate title spa
082 ## - DEWEY DECIMAL CLASSIFICATION NUMBER
Classification number 005.1
Item number AHO
100 1# - MAIN ENTRY--PERSONAL NAME
Personal name AHO, ALFRED V.
245 10 - TITLE STATEMENT
Title ESTRUCTURAS DE DATOS Y ALGORITMOS
250 ## - EDITION STATEMENT
Edition statement 1a ed.
260 ## - PUBLICATION, DISTRIBUTION, ETC.
Place of publication, distribution, etc. [s.l.] :
Name of publisher, distributor, etc. ADDISON-WESLEY IBEROAMERICANA,
Date of publication, distribution, etc. [s.f.]
300 ## - PHYSICAL DESCRIPTION
Extent 438
650 14 - SUBJECT ADDED ENTRY--TOPICAL TERM
Topical term or geographic name entry element ALGORITMOS
General subdivision PROGRAMACION (COMPUTADORES ELECTRICOS)
700 1# - ADDED ENTRY--PERSONAL NAME
Personal name HOPCROFT, JOHN E.
Relator term coaut.
Existencias
Withdrawn status Lost status Source of classification or shelving scheme Damaged status Not for loan Collection code Home library Current library Shelving location Date acquired Source of acquisition Inventory number Total Checkouts Full call number Barcode Date last seen Price effective from Koha item type
    Dewey Decimal Classification     General Biblioteca Karol Wojtyla Biblioteca Karol Wojtyla Sala general 03/12/2013 Compra 151000000000000000064755   '005.1 AHO 2839 05/01/2026 03/12/2013 Libro
    Dewey Decimal Classification     General Biblioteca Karol Wojtyla Biblioteca Karol Wojtyla Sala general 03/12/2013 Compra 151000000000000000064753   '005.1 AHO 2838 05/01/2026 03/12/2013 Libro
    Dewey Decimal Classification     General Biblioteca Karol Wojtyla Biblioteca Karol Wojtyla Sala general 03/12/2013 Compra 151000000000000000064758   '005.1 AHO 5108 05/01/2026 03/12/2013 Libro